000 00988ngm a22003490a 4500
001 PT58499
003 AR-LpoUNG
005 20210202000126.0
007 vd cvaizq
008 191001s2000||||ag |||||||||||||||||spa d
040 _aAR-LpoUNG
_bspa
_cAR-LpoUNG
_eaacr
041 _aspa
044 _aag
082 0 _a982.063 26jor
100 1 _aJaime, Gabriela
_edir.
245 1 0 _aJorge Giannoni :
_bNN, ese soy yo
260 _aBuenos Aires :
_bGupo Boedo,
_c2000.
300 _aDVD (64 min.) : son., col.
505 0 _aAsistente de dirección: Gabriela Balmaceda. Fotografía y cámara: Claudio Remedi. Sonido: Horacio Almada.
650 4 _aARGENTINA
650 4 _aCULTURA
650 4 _aIDEOLOGIAS POLITICAS
650 4 _aPOLITICOS
650 4 _aPROBLEMAS SOCIALES
650 4 _aSISTEMAS POLITICOS
650 4 _aSOCIEDAD
650 4 _aTRABAJO
653 _aDOCUMENTALES
710 2 _aFondo Nacional de las Artes (Buenos Aires)
905 _a58499
942 _cDVD
999 _c54165
_d54165